Developmental psychopathology : from infancy through adolescence

Αποθηκεύτηκε σε:
Λεπτομέρειες βιβλιογραφικής εγγραφής
Κύριος συγγραφέας: Wenar, Charles, 1922-2008
Άλλοι συγγραφείς: Kerig, Patricia
Μορφή: Βιβλίο
Γλώσσα:English
Δημοσίευση: Boston : McGraw-Hill, 2000.
Έκδοση:4η εκδ.
Θέματα:
Ετικέτες: Προσθήκη ετικέτας
Δεν υπάρχουν, Καταχωρήστε ετικέτα πρώτοι!

MARC

LEADER 00000cam a2200000 i 4500
001 1/96537
008 991215s2000 mau| ||| |||| ||eng||
020 |a 0070692866 
035 |l 10055800 
040 |a GR-MyUa  |b gre  |e AACR2 
041 0 |a eng 
082 7 |a 618.9289   |2 (22) 
100 1 |a Wenar, Charles,   |d 1922-2008. 
245 1 0 |a Developmental psychopathology :   |b from infancy through adolescence /   |c Charles Wenar, Patricia Kerig.  
250 |a 4η εκδ.  
260 |a Boston :   |b McGraw-Hill,   |c 2000.  
300 |a 490 σ. :   |b εικ. ;   |c 24 εκ. 
650 0 |a Child psychopathology. 
650 0 |a Adolescent psychology. 
700 1 |a Kerig, Patricia. 
767 0 8 |i Μεταφρασμένο ως:   |t Εξελικτική ψυχοπαθολογία :  
852 |a INST  |b RHODES  |e 19991215  |h 618.9289 WEN  |p 005400012841  |q 005400012841  |t BK  |y 0 
901 |a BIBL4-2000-1 
922 |a 4ΕΛΗ  |b 199909  |c ΚΠΣ/154  |d GLORY BOOKS 
970 |a ΚΟΥΛΑΚΙΟΤΗ  |b ΛΙΤΣΑ  |z 2000/01/10